[Event "4th Eksjo it"]
[Site "Eksjo SWE"]
[Date "1976.04.05"]
[Round "6"]
[White "Westerinen, Heikki"]
[Black "Szilagyi, Gyorgy"]
[Result "1-0"]
[WhiteElo "2485"]
[BlackElo "2380"]
[EventDate "1976.03.31"]
[PlyCount "57"]

1. e4 c5 2. Nf3 Nc6 3. d4 cxd4 4. Nxd4 g6 5. Nc3 Bg7 6. Be3 Nf6 7. Bc4 O-O 8. Bb3 a5 9. a4 Ng4 10. Qxg4 Nxd4 11. Qh4 Nxb3 12. cxb3 e6 13. Qxd8 Rxd8 14. Bb6 Re8 15. Nb5 Bxb2 16. Rd1 Ra6 17. Nc7 Rxb6 18. Nxe8 Be5 19. O-O Kf8 20. f4 Bxf4 21. Rxf4 Kxe8 22. e5 d5 23. Rdf1 f5 24. exf6 Kf7 25. Rh4 h5 26. g4 e5 27. gxh5 g5 28. h6 gxh4 29. h7 1-0

[Event "4th Eksjo it"]
[Site "Eksjo SWE"]
[Date "1976.04.06"]
[Round "7"]
[White "Akvist, Hakan"]
[Black "Schneider, Lars-Ake"]
[Result "0-1"]
[WhiteElo "2325"]
[BlackElo "2365"]
[EventDate "1976.03.31"]
[PlyCount "70"]

1. Nf3 Nf6 2. g3 b6 3. Bg2 Bb7 4. O-O e6 5. b3 c5 6. c4 Nc6 7. Bb2 Be7 8. d4 Nxd4 9. Nxd4 Bxg2 10. Kxg2 cxd4 11. Qxd4 O-O 12. Nc3 Qc7 13. Rad1 Qb7+ 14. Kg1 Rfd8 15. Rd3 a6 16. a4 Rac8 17. Rfd1 h6 18. Qf4 Ne8 19. Qd2 d6 20. e4 Nf6 21. Qe2 Nd7 22. Nb1 b5 23. cxb5 axb5 24. a5 Nc5 25. Qg4 Bf8 26. Re3 b4 27. Nd2 d5 28. Rc1 d4 29. Ree1 Nd3 30. Nc4 Rxc4 31. bxc4 Nxb2 32. Re2 Na4 33. Ra2 Nc3 34. a6 Qa7 35. Ra5 d3 0-1

[Event "4th Eksjo it"]
[Site "Eksjo SWE"]
[Date "1976.04.06"]
[Round "7"]
[White "Bednarski, Jacek"]
[Black "Kinnmark, Ove"]
[Result "1-0"]
[WhiteElo "2425"]
[BlackElo "2390"]
[EventDate "1976.03.31"]
[PlyCount "81"]

1. e4 e5 2. Nf3 Nc6 3. Bb5 a6 4. Bxc6 dxc6 5. O-O f6 6. d4 exd4 7. Nxd4 c5 8. Nb3 Qxd1 9. Rxd1 Bg4 10. f3 Be6 11. Nc3 Bd6 12. Be3 b6 13. a4 Ne7 14. a5 Bxb3 15. cxb3 bxa5 16. Na4 O-O 17. Nxc5 Rfb8 18. Rxa5 Nc6 19. Ra4 Rb5 20. Rc1 Nb4 21. Ne6 Rb7 22. Nc5 Rb5 23. Rc4 a5 24. Ne6 Rb7 25. Bc5 Nd3 26. Bxd6 cxd6 27. Rc3 Nb4 28. Rxa5 Rxa5 29. Rc8+ Kf7 30. Nd8+ Kg6 31. Nxb7 Ra1+ 32. Kf2 Rb1 33. Nxd6 Rxb2+ 34. Kg3 Nd3 35. Nf5 Ne1 36. Rc1 Rxg2+ 37. Kh3 Re2 38. Rc7 Kg5 39. Rxg7+ Kf4 40. Rg4+ Ke5 41. f4+ 1-0

[Event "4th Eksjo it"]
[Site "Eksjo SWE"]
[Date "1976.04.06"]
[Round "7"]
[White "Spiridonov, Nikola"]
[Black "Westerinen, Heikki"]
[Result "0-1"]
[WhiteElo "2490"]
[BlackElo "2485"]
[EventDate "1976.03.31"]
[PlyCount "82"]

1. Nf3 Nf6 2. g3 g6 3. b4 Bg7 4. Bb2 O-O 5. Bg2 a5 6. b5 a4 7. c4 c6 8. Na3 d6 9. O-O e5 10. d3 Re8 11. bxc6 Nxc6 12. Rb1 d5 13. Nd2 Be6 14. Ba1 Qd7 15. cxd5 Bxd5 16. Nac4 Bxg2 17. Kxg2 Ra7 18. Nb6 Qf5 19. e4 Qe6 20. Nxa4 Qxa2 21. Nc3 Qa5 22. Nb5 Raa8 23. Nc4 Qd8 24. Nbd6 Re6 25. Nxb7 Qe7 26. Bc3 h5 27. h3 h4 28. g4 Bh6 29. Nba5 Nxa5 30. Bxa5 Nh7 31. Bb4 Qc7 32. Bc3 Bf4 33. Rb5 Ng5 34. Qb3 Rc8 35. Ba5 Qc6 36. Rb6 Qc5 37. Bb4 Rxb6 38. Nxb6 Qxb6 39. Qa3 Rc2 40. Qa8+ Kg7 41. Be7 Qe3 0-1

[Event "4th Eksjo it"]
[Site "Eksjo SWE"]
[Date "1976.04.06"]
[Round "7"]
[White "Szilagyi, Gyorgy"]
[Black "Eslon, Jaan"]
[Result "0-1"]
[WhiteElo "2380"]
[BlackElo "2365"]
[EventDate "1976.03.31"]
[PlyCount "98"]

1. c4 e5 2. Nc3 Nc6 3. g3 d6 4. Bg2 g6 5. e3 Bg7 6. Nge2 Be6 7. Nd5 Qd7 8. Qa4 h5 9. h4 Nh6 10. d3 O-O 11. Bd2 Kh8 12. Nec3 f5 13. a3 Qf7 14. O-O Rfc8 15. Rfc1 Nd8 16. Ne2 c6 17. Ndc3 Bd7 18. Qd1 Ne6 19. d4 Ng4 20. f3 Nf6 21. b4 Nc7 22. c5 exd4 23. Nxd4 dxc5 24. bxc5 Ncd5 25. Rab1 Be8 26. Qb3 Rc7 27. Nxd5 Nxd5 28. Bf1 Qe7 29. Bc4 Bf7 30. Bxd5 Bxd5 31. Qd3 Re8 32. Kf2 Rd7 33. Bc3 Kg8 34. Ba1 Bh6 35. Re1 Qxc5 36. Rbc1 Qf8 37. Re2 c5 38. Qb5 Rc7 39. Nb3 b6 40. Nd2 Qf7 41. Nc4 Bxc4 42. Rxc4 Rce7 43. Qb2 Kh7 44. Rf4 Qe6 45. Qc3 Qd6 46. Rd2 Qc6 47. Rd3 b5 48. g4 Bxf4 49. exf4 Qe6 0-1

[Event "4th Eksjo it"]
[Site "Eksjo SWE"]
[Date "1976.04.06"]
[Round "7"]
[White "Zichichi, Alvise"]
[Black "Andersson, Goran"]
[Result "1-0"]
[WhiteElo "2320"]
[BlackElo "2315"]
[EventDate "1976.03.31"]
[PlyCount "65"]

1. Nf3 g6 2. g3 Bg7 3. Bg2 Nf6 4. b3 c5 5. Bb2 Nc6 6. c4 O-O 7. O-O d6 8. Nc3 a6 9. d4 cxd4 10. Nxd4 Nxd4 11. Qxd4 Ng4 12. Qd2 Qa5 13. Rad1 Qh5 14. h4 Bh6 15. Nd5 Re8 16. Qc3 f6 17. Nc7 g5 18. Nxa8 gxh4 19. Qf3 Kh8 20. Rd5 Qg6 21. c5 Ne5 22. Bxe5 dxe5 23. Rfd1 Bg4 24. Qd3 Bf5 25. e4 Bg4 26. Nc7 Rg8 27. Rd8 Bxd1 28. Qxd1 hxg3 29. Rxg8+ Qxg8 30. Qd7 gxf2+ 31. Kxf2 Bc1 32. Ne6 Be3+ 33. Kf3 1-0

[Event "4th Eksjo it"]
[Site "Eksjo SWE"]
[Date "1976.04.07"]
[Round "8"]
[White "Bednarski, Jacek"]
[Black "Akvist, Hakan"]
[Result "1/2-1/2"]
[WhiteElo "2425"]
[BlackElo "2325"]
[EventDate "1976.03.31"]
[PlyCount "94"]

1. e4 c5 2. Nf3 Nc6 3. Bb5 g6 4. O-O Bg7 5. c3 Nf6 6. Re1 Qb6 7. Na3 O-O 8. h3 d5 9. e5 Ne8 10. d4 cxd4 11. cxd4 Nc7 12. Bxc6 bxc6 13. Bg5 Re8 14. Qd2 Ne6 15. Be3 Rb8 16. b3 Qb4 17. Qb2 f5 18. exf6 exf6 19. Bf4 Ra8 20. Nc2 Qf8 21. Bg3 Bd7 22. Rad1 Bh6 23. Ne3 Bf4 24. Nf1 Qd6 25. Bxf4 Nxf4 26. Qd2 Qc7 27. Rxe8+ Rxe8 28. Re1 Rxe1 29. Qxe1 Kf7 30. Qe3 Ne6 31. Qh6 Kg8 32. Qd2 Qf4 33. Qa5 Qb8 34. Ne3 Nf4 35. Qc5 Kf7 36. Ng4 h5 37. Ne3 Be8 38. Qc2 Qb5 39. a4 Qb4 40. Kh2 Bd7 41. g3 Ne6 42. Qd3 Nf8 43. Nc2 Qb7 44. Ne3 Qb4 45. Nc2 Qb7 46. Qc3 Qa6 47. Qd2 Qf1 1/2-1/2

[Event "4th Eksjo it"]
[Site "Eksjo SWE"]
[Date "1976.04.07"]
[Round "8"]
[White "Eslon, Jaan"]
[Black "Spiridonov, Nikola"]
[Result "0-1"]
[WhiteElo "2365"]
[BlackElo "2490"]
[EventDate "1976.03.31"]
[PlyCount "142"]

1. e4 e6 2. d4 d5 3. Nc3 Bb4 4. Nge2 dxe4 5. a3 Be7 6. Nxe4 Nc6 7. Be3 Nf6 8. N2g3 e5 9. dxe5 Ng4 10. Qxd8+ Bxd8 11. Bd2 Ngxe5 12. O-O-O O-O 13. f4 Ng4 14. h3 Nf6 15. Bc3 Nxe4 16. Nxe4 Be7 17. Bc4 Be6 18. Bxe6 fxe6 19. g3 Rad8 20. Rhe1 Rd5 21. Nf2 Rxd1+ 22. Kxd1 Rd8+ 23. Nd3 Kf7 24. Kc1 Bd6 25. Re4 h5 26. Ne1 Be7 27. Nf3 Rd5 28. g4 hxg4 29. hxg4 Rd8 30. Bb4 Bf6 31. g5 Bd4 32. Be1 g6 33. c4 Bg7 34. Kc2 Nd4+ 35. Nxd4 Rxd4 36. Rxd4 Bxd4 37. Bc3 e5 38. fxe5 Be3 39. Kd3 Bxg5 40. Ke4 Ke6 41. b3 Bc1 42. a4 g5 43. Be1 Bf4 44. Bc3 a6 45. Bd4 Bg3 46. Be3 g4 47. Bd4 Bh2 48. Bc3 c5 49. Bb2 Bg3 50. Bc3 Bf2 51. Kf4 g3 52. Kf3 Bd4 53. Be1 Bxe5 54. b4 cxb4 55. Bxb4 Kf5 56. Be7 Bd4 57. Kxg3 Ke4 58. Kg4 Kd3 59. Kf5 Kxc4 60. Ke6 a5 61. Bd8 Kb4 62. Kd5 Bf2 63. Be7+ Kxa4 64. Kc4 b5+ 65. Kc3 Be1+ 66. Kb2 b4 67. Bf6 Kb5 68. Kb3 a4+ 69. Kb2 Kc4 70. Kb1 Bc3 71. Be7 Kb3 0-1

[Event "4th Eksjo it"]
[Site "Eksjo SWE"]
[Date "1976.04.07"]
[Round "8"]
[White "Kinnmark, Ove"]
[Black "Andersson, Goran"]
[Result "1/2-1/2"]
[WhiteElo "2390"]
[BlackElo "2315"]
[EventDate "1976.03.31"]
[PlyCount "110"]

1. e4 c5 2. Nf3 Nc6 3. Bb5 g6 4. O-O Bg7 5. Re1 e5 6. b4 cxb4 7. a3 Nge7 8. axb4 Nxb4 9. Na3 O-O 10. Nc4 a6 11. Ba4 b5 12. Bxb5 axb5 13. Rxa8 bxc4 14. Ba3 Nbc6 15. Bd6 Qb6 16. Qa1 Bb7 17. Ra4 Nc8 18. Rb1 Qxb1+ 19. Qxb1 Nxd6 20. Qb6 Rc8 21. h4 Bf6 22. h5 Kg7 23. d3 c3 24. Ra3 Bd8 25. Qb1 Be7 26. hxg6 hxg6 27. Rxc3 Ra8 28. Rb3 Nd8 29. Nxe5 Bf6 30. f4 Ne6 31. Qf1 Ra5 32. Nf3 Bxe4 33. dxe4 Nxe4 34. Qe1 Ra1 35. Rb1 Ra4 36. Rb4 Bc3 37. Rxa4 Bxe1 38. Rxe4 Bg3 39. Ng5 Nxf4 40. Re3 Bh4 41. Nh3 Nxh3+ 42. Rxh3 Be7 43. Kf2 Kf6 44. Ke3 Bc5+ 45. Kf4 Bd6+ 46. Ke4 Ke6 47. Re3 Bc7 48. c4 Bb6 49. Ra3 Bc7 50. Ra6+ Ke7 51. Kd5 Bg3 52. Ra7 Bf4 53. c5 Kd8 54. c6 dxc6+ 55. Ke4 g5 1/2-1/2

[Event "4th Eksjo it"]
[Site "Eksjo SWE"]
[Date "1976.04.07"]
[Round "8"]
[White "Schneider, Lars-Ake"]
[Black "Szilagyi, Gyorgy"]
[Result "1/2-1/2"]
[WhiteElo "2365"]
[BlackElo "2380"]
[EventDate "1976.03.31"]
[PlyCount "105"]

1. e4 c5 2. Nf3 Nc6 3. d4 cxd4 4. Nxd4 g6 5. c4 Nf6 6. Nc3 Nxd4 7. Qxd4 d6 8. b3 Bg7 9. Bb2 O-O 10. Be2 b5 11. Nxb5 Bb7 12. Bf3 a6 13. Na3 Qa5+ 14. Qd2 Qxd2+ 15. Kxd2 Nxe4+ 16. Bxe4 Bxb2 17. Bxb7 Ra7 18. Bf3 Bxa3 19. Kd3 Bc5 20. Rhf1 a5 21. Bc6 Rc7 22. Bb5 f5 23. f3 e5 24. Rad1 Kg7 25. Rfe1 h5 26. Kc2 Kh6 27. Re2 Kg5 28. Rf1 Kh4 29. Kb2 g5 30. a3 g4 31. Ka2 gxf3 32. Rxf3 e4 33. Rg3 Bg1 34. b4 axb4 35. axb4 Ra7+ 36. Kb3 Rfa8 37. c5 dxc5 38. bxc5 Bxc5 39. Rg6 Rb8 40. Kc4 Rc7 41. Bc6 Bg1 42. Ra2 Rb6 43. Kd5 Rcxc6 44. Rxc6 Rxc6 45. Kxc6 Bxh2 46. Kd5 Kg3 47. Ke5 Kg4+ 48. Kd4 Bg1+ 49. Kc3 f4 50. Kd2 f3 51. gxf3+ Kxf3 52. Ke1 h4 53. Kf1 1/2-1/2

[Event "4th Eksjo it"]
[Site "Eksjo SWE"]
[Date "1976.04.07"]
[Round "8"]
[White "Westerinen, Heikki"]
[Black "Zichichi, Alvise"]
[Result "1/2-1/2"]
[WhiteElo "2485"]
[BlackElo "2320"]
[EventDate "1976.03.31"]
[PlyCount "81"]

1. e4 c5 2. Nf3 e6 3. b3 d6 4. Bb2 a6 5. Bd3 e5 6. O-O Ne7 7. Na3 Ng6 8. Re1 Be7 9. Nc4 O-O 10. Ne3 Nc6 11. c3 Nh4 12. Bc2 Be6 13. Qe2 Rc8 14. Rad1 Nxf3+ 15. Qxf3 Bg5 16. Bb1 Qf6 17. Qxf6 Bxf6 18. g3 Bg5 19. Kg2 Rfd8 20. Rf1 Bxe3 21. dxe3 d5 22. exd5 Bxd5+ 23. f3 c4 24. Bf5 Be6 25. Bxe6 fxe6 26. b4 e4 27. fxe4 Rd3 28. Kf2 Ne5 29. Ke2 Rcd8 30. Bc1 Rxd1 31. Rxd1 Rxd1 32. Kxd1 b5 33. Ke2 g5 34. h3 h5 35. g4 hxg4 36. hxg4 Kf7 37. Bd2 Kf6 38. Be1 Nd3 39. Bg3 e5 40. Kd2 Ke6 41. Kc2 1/2-1/2

[Event "4th Eksjo it"]
[Site "Eksjo SWE"]
[Date "1976.04.08"]
[Round "9"]
[White "Akvist, Hakan"]
[Black "Kinnmark, Ove"]
[Result "1/2-1/2"]
[WhiteElo "2325"]
[BlackElo "2390"]
[EventDate "1976.03.31"]
[PlyCount "27"]

1. e4 c5 2. Nf3 Nc6 3. d4 cxd4 4. Nxd4 Nf6 5. Nc3 e6 6. Be3 Bb4 7. Bd3 d5 8. exd5 Nxd5 9. Nxc6 bxc6 10. Bd2 Bxc3 11. bxc3 Qf6 12. O-O O-O 13. Qe1 e5 14. c4 1/2-1/2

[Event "4th Eksjo it"]
[Site "Eksjo SWE"]
[Date "1976.04.08"]
[Round "9"]
[White "Andersson, Goran"]
[Black "Westerinen, Heikki"]
[Result "0-1"]
[WhiteElo "2315"]
[BlackElo "2485"]
[EventDate "1976.03.31"]
[PlyCount "50"]

1. e4 e5 2. Nf3 Nc6 3. Bb5 a6 4. Ba4 Nf6 5. O-O Be7 6. Re1 b5 7. Bb3 d6 8. c3 Bg4 9. d3 O-O 10. Nbd2 d5 11. exd5 Nxd5 12. h3 Bh5 13. Nf1 Qd6 14. Ng3 Bg6 15. d4 exd4 16. Nxd4 Nxd4 17. Qxd4 c6 18. Bxd5 cxd5 19. Qe5 Rfe8 20. Nf5 Qxe5 21. Rxe5 Bf6 22. Rxd5 Re1+ 23. Kh2 Bg5 24. Ne3 Bf4+ 25. g3 Bxe3 0-1

[Event "4th Eksjo it"]
[Site "Eksjo SWE"]
[Date "1976.04.08"]
[Round "9"]
[White "Spiridonov, Nikola"]
[Black "Schneider, Lars-Ake"]
[Result "1-0"]
[WhiteElo "2490"]
[BlackElo "2365"]
[EventDate "1976.03.31"]
[PlyCount "71"]

1. e4 c5 2. Nf3 Nc6 3. Bb5 e6 4. Bxc6 bxc6 5. d3 d5 6. Nc3 Ne7 7. O-O Ng6 8. Re1 Bd6 9. e5 Be7 10. Na4 f6 11. b3 fxe5 12. Bb2 Bd6 13. Nxe5 d4 14. Nc4 Bc7 15. Nxc5 O-O 16. Ne4 Qh4 17. Ng3 Nf4 18. Ba3 c5 19. Bxc5 Bb7 20. Bxf8 Rxf8 21. Re4 Bxe4 22. dxe4 h5 23. Nd2 Qf6 24. Nf3 h4 25. Nf1 Qg6 26. g3 Qg4 27. N1d2 Rf6 28. Qf1 Nh3+ 29. Kg2 Nf4+ 30. Kh1 hxg3 31. fxg3 Nh5 32. Kg1 Bf4 33. Qg2 Be3+ 34. Kh1 Rh6 35. Rg1 Bxg1 36. Qxg1 {time} 1-0